Score 0/20 Timer 02:00
0 Plays Today
Song Missing Word % Correct
It's _____ or NeverNow
94.6%
Jailhouse _____Rock
94.5%
Hound _____Dog
92.6%
Can't _____ Falling in LoveHelp
89.6%
Heartbreak _____Hotel
87.1%
Good _____ CharmLuck
84.9%
Love Me _____Tender
84.7%
All _____ UpShook
81.6%
_____ to SenderReturn
81.6%
_____ Las VegasViva
79.5%
Song Missing Word % Correct
A _____ Less ConversationLittle
72.2%
Are You _____ Tonight?Lonesome
65.2%
Don't Be _____Cruel
65.1%
Long _____ LimousineBlack
44.6%
You'll Never _____ AloneWalk
43.2%
Hard _____ WomanHeaded
36.6%
Tomorrow Is A _____ TimeLong
28.7%
_____ in the ChapelCrying
28.2%
I Forgot to Remember to _____Forget
25.1%
The _____ of YouWonder
20.9%

Today's Daily Dose

You're not logged in!

Compare scores with friends on all Sporcle quizzes.
OR
Log In

Sporcle TV

Today on Sporcle TV


Watch our educational content, quiz creation guides, and fun videos on Sporcle TV.

Show Comments

Extras

Top Quizzes Today


Score Distribution

Paid Content

Your Account Isn't Verified!

In order to create a playlist on Sporcle, you need to verify the email address you used during registration. Go to your Sporcle Settings to finish the process.

Report this User

Report this user for behavior that violates our Community Guidelines.

Details: